Otvetstvennosť za narušenije meždunarodnogo prava i ekonomičeskije sankcii

Saved in:
Bibliographic Details
Main Author: Mráz, Stanislav
Other Authors: Brocková, Katarína, 1976-
Format: Book Chapter
Language:Russian
Subjects:
Tags: Add Tag
No Tags, Be the first to tag this record!

MARC

LEADER 00000naa a2200000 4500
001 0206092
005 20240502083516.3
041 0 |a rus 
044 |a MD 
245 1 0 |a Otvetstvennosť za narušenije meždunarodnogo prava i ekonomičeskije sankcii  |c Stanislav Mráz, Katarína Brocková 
610 2 0 |a právo medzinárodné 
610 2 0 |a vzťahy medzinárodné 
610 2 0 |a politika medzinárodná 
610 2 0 |a sankcie 
610 2 0 |a zodpovednosť 
610 2 0 |a štát 
100 1 |a Mráz, Stanislav 
700 1 |a Brocková, Katarína, 1976-